Statistics for Municipalities of Taichung City

Click here to take the quiz!

General Stats

  • This quiz has been taken 4 times
  • The average score is 18 of 29

Answers on the Map

Answers color-coded by a green-red scale on the quiz's map according to % correct below.
 

Answer Stats

Answer% Correct
Beitun 北屯
100%
Central 中
100%
Dadu 大肚
100%
Dajia 大甲
100%
Dali 大里
100%
Daya 大雅
100%
Xitun 西屯
100%
Da'an 大安
67%
East 東
67%
Longjing 龍井
67%
Nantun 南屯
67%
North 北
67%
Shalu 沙鹿
67%
South 南
67%
Taiping 太平
67%
West 西
67%
Wufeng 霧峯
67%
Wuqi 梧棲
67%
Dongshi 東勢
33%
Fengyuan 豐原
33%
Heping 和平
33%
Houli 后里
33%
Qingshui 清水
33%
Shengang 神岡
33%
Shigang 石岡
33%
Tanzi 潭子
33%
Waipu 外埔
33%
Wuri 烏日
33%
Xinshe 新社
33%

Score Distribution

Percentile by Number Answered

Percent of People with Each Score

Your Score History

You have not taken this quiz